| 000 | 00563nam a22001817a 4500 | ||
|---|---|---|---|
| 003 | CEME | ||
| 005 | 20210628204013.0 | ||
| 008 | 210126b xxu||||| |||| 00| 0 eng d | ||
| 020 | _a1-58053-316-7 | ||
| 040 | _c. | ||
| 082 | _a621.38224 STA | ||
| 100 |
_aStavroulakis, Peter _961548 |
||
| 245 | _aInterference analysis and reduction for wireless systms | ||
| 260 |
_aLONDON _bARTECH HOUSE _c2003 |
||
| 300 | _aXIX,407P | ||
| 650 |
_aWIRELESS COMMUNICATION SYSTEMS, ELECTROMAGNETIC INTERFERENCE.CELLULAR TELEPHONE SYSTEMS-PROTECTION _968207 |
||
| 942 |
_cBK _2ddc |
||
| 999 |
_c575832 _d575832 |
||